Rosemary : (Record no. 311)

MARC details
000 -LEADER
fixed length control field 01619pam a2200481 i 4500
005 - DATE AND TIME OF LATEST TRANSACTION
control field 20260322212014.0
008 - FIXED-LENGTH DATA ELEMENTS--GENERAL INFORMATION
fixed length control field data
010 ## - LIBRARY OF CONGRESS CONTROL NUMBER
LC control number 2015028793
020 ## - INTERNATIONAL STANDARD BOOK NUMBER
International Standard Book Number 9780547250250
020 ## - INTERNATIONAL STANDARD BOOK NUMBER
International Standard Book Number 9780547617954
020 ## - INTERNATIONAL STANDARD BOOK NUMBER
International Standard Book Number 0547250258
040 ## - CATALOGING SOURCE
Original cataloging agency DNLM
Language of cataloging eng
Description conventions rda
Transcribing agency DNLM
041 09 - LANGUAGE CODE
Language code of text/sound track or separate title eng
042 ## - AUTHENTICATION CODE
Authentication code pcc
044 ## - COUNTRY OF PUBLISHING/PRODUCING ENTITY CODE
-- United States
060 00 - NATIONAL LIBRARY OF MEDICINE CALL NUMBER
Classification number WM 302
Item number L3342r 2015
099 ## - LOCAL FREE-TEXT CALL NUMBER (OCLC)
Classification number KENNER
001 - CONTROL NUMBER
control field data
100 1# - MAIN ENTRY--PERSONAL NAME
Personal name Larson, Kate Clifford,
Relator term author.
245 10 - TITLE STATEMENT
Title Rosemary :
Remainder of title the hidden Kennedy daughter /
Statement of responsibility, etc. Kate Clifford Larson.
264 #1 - PRODUCTION, PUBLICATION, DISTRIBUTION, MANUFACTURE, AND COPYRIGHT NOTICE
Place of production, publication, distribution, manufacture Boston :
Name of producer, publisher, distributor, manufacturer Houghton Mifflin Harcourt,
Date of production, publication, distribution, manufacture, or copyright notice 2015.
300 ## - PHYSICAL DESCRIPTION
Extent 302 pages :
Other physical details illustrations, portraits
336 ## - CONTENT TYPE
Content type term text
Source rdacontent
337 ## - MEDIA TYPE
Media type term unmediated
Source rdamedia
338 ## - CARRIER TYPE
Carrier type term volume
Source rdacarrier
504 ## - BIBLIOGRAPHY, ETC. NOTE
Bibliography, etc. note Includes bibliographical references and index.
505 0# - FORMATTED CONTENTS NOTE
Formatted contents note A home birth -- The making of a mother -- Slipping behind --Five schools -- Brief haven in England -- War on the Kennedy home front -- November 1941 -- Rosemary gone -- Rosemary made the difference.
600 12 - SUBJECT ADDED ENTRY--PERSONAL NAME
Personal name Kennedy, Rosemary,
Dates associated with a name 1918-2005.
600 32 - SUBJECT ADDED ENTRY--PERSONAL NAME
Personal name Kennedy family.
650 12 - SUBJECT ADDED ENTRY--TOPICAL TERM
Topical term or geographic name entry element Intellectual Disability
650 22 - SUBJECT ADDED ENTRY--TOPICAL TERM
Topical term or geographic name entry element Mentally Disabled Persons
650 22 - SUBJECT ADDED ENTRY--TOPICAL TERM
Topical term or geographic name entry element Family Relations
650 22 - SUBJECT ADDED ENTRY--TOPICAL TERM
Topical term or geographic name entry element Psychosurgery
650 22 - SUBJECT ADDED ENTRY--TOPICAL TERM
Topical term or geographic name entry element Institutionalization
650 22 - SUBJECT ADDED ENTRY--TOPICAL TERM
Topical term or geographic name entry element History, 20th Century
651 #2 - SUBJECT ADDED ENTRY--GEOGRAPHIC NAME
Geographic name United States
655 #2 - INDEX TERM--GENRE/FORM
Genre/form data or focus term Biography
963 ## -
-- John Abbott; phone: 617-351-1289; email: [email protected]; bc: [email protected]
992 ## -
-- P1
-- EF
-- 20151109
993 ## -
-- BCF
-- 20151109
994 ## -
-- CDN
-- 20151109
996 ## -
-- rev. CIP
-- 20151109
Holdings
Withdrawn status Lost status Damaged status Not for loan Home library Current library Shelving location Date acquired Total checkouts Full call number Barcode Date last seen Price effective from Koha item type
        Franklin Franklin General stacks 22/03/2026   GEN BC0010320 22/03/2026 22/03/2026 Books